00312nam a2200121Ia 4500008004100000100001500041245003500056260002900091300000900120650003700129942000700166999001700173190216s9999||||xx |||||||||||||| ||und|| aGulati S R 0aHistory Of England Since 1760 bMalhotra Book Depoc1979 a823p aWorld History-History Of England cBK c19356d19356